000 00703nam a22002177a 4500
005 20230328054335.0
008 230328b |||||||| |||| 00| 0 eng d
020 _a978-1-60598-856-6
082 _aFic L141 2008
100 _aLackberg, Camilla
_eauthor
245 _aThe drowning /
_cCamilla Lackberg; translated by Tiina Nunnally
260 _aNew York:
_bPegasus Crime,
_cc2008
300 _a476p.
541 _e5489
650 _aMurderer - Investigation - Sweden - Fiction
650 _aHedstrom, Patrick (Fictitious character) - Fiction
650 _aMystery fiction
650 _aDetective and mystery stories
650 _aPolice - Sweden - Fiction
700 _aNunnally, Tiina
_etranslator
999 _c2015
_d2015